| 000 | 02026nam a2200349 4500 | ||
|---|---|---|---|
| 001 | 113812 | ||
| 003 | DR-UNIBE | ||
| 005 | 20250701145348.0 | ||
| 008 | 250701b2016 dr ||||| |||| 00| 0 spa d | ||
| 040 |
_aBIBLIOTECA UNIBE _bspa _cBIBLIOTECA UNIBE _erda |
||
| 041 | _aspa | ||
| 082 |
_222 _aRD 371.3 R426co |
||
| 110 | 1 | 0 |
_aRepública Dominicana. _9196806 _eautor |
| 245 | 1 | 0 |
_aConstruyo mi planificación docente a través de la estrategia de proyectos participativos de aula / _cMinisterio de Educación (MINERD). Viceministerio de Servicios Técnicos y Pedagógicos |
| 260 |
_aSanto Domingo _bMinisterio de Educación (MINERD), _c2016 |
||
| 300 |
_a50 páginas : _bcuadros, tablas ; _c27 x 21 cm |
||
| 490 | _aEstrategias de planificación | ||
| 505 | _aPresentación | Consideraciones principales | Aspectos a tener en cuneta para la integración del conocimiento | Una mirada al proceso de elaboración y ejecución de los proyectos participativos de aula | Revisemos los pasos sugeridos para el diseño curricular explicando el proceso para realizar cada uno de ellos | Diseñamos paso a paso una planificación con proyectos participativos de aula tomando en cuenta la malla curricular | Retomamos el problema, el nombre y los propósitos del proyecto | ||
| 650 | 7 |
_2lemb _aPlanificación educativa _xEstrategias _zRepública Dominicana _9196867 |
|
| 650 | 7 |
_2lemb _aEducación primaria _zRepública Dominicana _94432 |
|
| 700 | 1 | 0 |
_aEscalante, Edell _9196855 _eredacción |
| 700 | 1 | 0 |
_aTaveras, Bernarda _9196856 _eredacción |
| 700 | 1 | 0 |
_aAdames Núñez, Digna María _9196857 _erevisión |
| 700 | 1 | 0 |
_aHenríquez, Argentina _951275 _erevisión |
| 700 | 1 | 0 |
_aAzor, Santa _9196858 _ecolaborador |
| 700 | 1 | 0 |
_aOrtíz, Edwin _9196859 _ecolaborador |
| 700 | 1 | 0 |
_aLora, Marcelina _9196864 _ecolaborador |
| 700 | 1 | 0 |
_aFranco, Francis _9196865 _ecolaborador |
| 700 | 1 | 0 |
_aCeballos Díaz, Rita Ma. _9196846 _ecoordinador |
| 700 | 1 | 0 |
_aCuesta Soriano, Modesto _9151811 _ecorrector de estilo _ediagramador |
| 942 |
_2ddc _cBK |
||
| 999 |
_c113812 _d113812 |
||